000 00671nam a22002057a 4500
999 _c11628
_d11628
003 AR-CdUCM
008 190404b ||||| |||| 00| 0 spa d
040 _aMUNICIPALIDAD PROVINCIAL DEL CUSCO
_cBIBLIOTECA MUNICIPAL DEL CUSCO
082 _24ed.
_a150 /
_bM77 / 1858
100 _aMonlau, Pedro Felipe
_929086
245 _aCurso de psicología y lógica /
260 _aMadrid :
_bImp y estereotipia de M. Rivadeneyra,
_c1858.
300 _a288 páginas ;
_c19 cm.
505 _aContenido: t.2. Lógica
650 _aPsicología
_91538
650 _aLógica
_92358
700 _aRey y Heredia, José María
_929087
942 _2ddc
_cLIBROS
945 _aacv
_d04/04/2019